Cavalry instruction [to accompany bill H. R. no. 440].

Bibliographic Details
Corporate Authors: United States. Congress. House. Committee on Military Affairs, ProQuest (Firm)
Format: eBook
Language:English
Published: Washington : [publisher not identified], 1834.
Series:United States congressional serial set.
Subjects:
Online Access:Connect to the full text of this electronic book

MARC

Tag First Indicator Second Indicator Subfields
LEADER 00000cam a22000001a 4500
001 in00002820004
005 20190331184753.0
006 m o d
007 cr un mmmapmmp
008 090210s1834 dcud o f000 0 eng d
035 |a cis2004316799 
040 |a UMI  |c UMI  |d UtOrBLW 
043 |a n-us--- 
099 |a ProQuest Serial Set Number 262 H.rp.419 
110 1 |a United States.  |b Congress.  |b House.  |b Committee on Military Affairs. 
245 1 0 |a Cavalry instruction [to accompany bill H. R. no. 440]. 
246 1 |a Publishing the several systems of tactics for instruction of cavalry, artillery, and infantry 
264 1 |a Washington :  |b [publisher not identified],  |c 1834. 
300 |a 1 online resource. 
336 |a text  |b txt  |2 rdacontent 
337 |a computer  |b c  |2 rdamedia 
338 |a online resource  |b cr  |2 rdacarrier 
490 0 |a H.rp.419 
500 |a Record is based on bibliographic data in ProQuest U.S. Serial Set Digital Collection (last viewed Feb. 2009). Reuse except for individual research requires license from ProQuest, LLC. 
510 3 |a ProQuest U.S. Serial Set Digital Collection 
500 |a Electronic resource. 
650 0 |a Artillery. 
650 0 |a Cavalry. 
650 0 |a Infantry. 
655 7 |a Electronic books.  |2 local 
710 2 |a ProQuest (Firm) 
830 0 |a United States congressional serial set. 
856 4 0 |u http://proxy.library.tamu.edu/login?url=http://congressional.proquest.com/congcomp/getdoc?SERIAL-SET-ID=262+H.rp.419  |z Connect to the full text of this electronic book  |t 0 
999 |a MARS 
999 f f |s d0a6bbdd-fbcc-3406-b752-467456251912  |i 5dbe9429-bf51-3583-91e5-1666687666d7  |t 0 
952 f f |a Texas A&M University  |b College Station  |c Electronic Resources  |d Available Online  |t 0  |e ProQuest Serial Set Number 262 H.rp.419  |h Other scheme 
998 f f |a ProQuest Serial Set Number 262 H.rp.419  |t 0  |l Available Online